Kisah-Kisah Benar Dan Aneh Iblis Menggoda Manusia

Bibliographic Details
Main Author: Nina Kirana
Format: Book
Published: Kuala Lumpur : Al-Hidayah Publishers , 2000
Subjects:

MARC

LEADER 00000cam a2200000 7i4500
001 0000056206
005 20180821.0
008 151207
020 |a 9830992845 
090 0 0 |a 297.216   |b IBL 
100 1 |a Nina Kirana 
245 1 0 |a Kisah-Kisah Benar Dan Aneh Iblis Menggoda Manusia   |c Nina Kirana 
260 |a Kuala Lumpur :   |b Al-Hidayah Publishers ,   |c 2000 
300 |a 135pg. 
650 0 |a Religion   |x Islam 
999 |a 0000811174   |b Book   |c Adult Collection   |e Cawangan Bandar Penawar 
999 |a 0000818484   |b Book   |c Adult Collection   |e Cawangan Mersing 
999 |a 0000924422   |b Book   |c Adult Collection   |e Cawangan Bukit Gambir 
999 |a 0000924424   |b Book   |c Adult Collection   |e Cawangan Bukit Gambir 
999 |a 0000933880   |b Book   |c Adult Collection   |e Cawangan Tangkak 
999 |a 0000933882   |b Book   |c Adult Collection   |e Cawangan Tangkak